000 00472nam a2200169 i 4500
001 39752
003 ES-MaACL
005 20230906160055.0
007 t|
008 030304s1973 sp ||||1| spa d
100 1 _aCantarero del Castillo, Manuel.
_934629
245 1 0 _aFalange y socialismo /
_cManuel Cantarero del Castillo.
250 _a[1ยช ed.].
260 _a[Barcelona] :
_bDopesa,
_c[1973]
300 _a366 p. ;
_c22 cm.
852 _aES-MaACL
_jC-54317
_bR.87161
999 _c39752
_d39752